[Event "Baden-ch Seniors"]
[Site "Emmendingen"]
[Date "2012.06.02"]
[Round "1"]
[White "Harm, Klaus"]
[Black "Weller, Karl"]
[Result "0-1"]
[WhiteElo "1559"]
[BlackElo "1990"]
[PlyCount "22"]
[EventDate "2012.06.02"]
[EventType "swiss"]
[EventRounds "9"]
[EventCountry "GER"]
[SourceTitle "CBM 148 Extra"]
[Source "ChessBase"]
[SourceDate "2012.06.22"]
[SourceVersion "1"]
[SourceVersionDate "2012.06.22"]
[SourceQuality "1"]

1. d4 Nf6 2. Nc3 d5 3. e4 Nxe4 4. Nxe4 dxe4 5. f3 c5 6. Be3 cxd4 7. Bxd4 Nc6 8. Bb5 Qa5+ 9. Bc3 Qxb5 10. fxe4 e5 11. Nf3 Bg4 0-1